Grammar of the Film Language (Record no. 2258)

000 -LEADER
fixed length control field 00360nam a2200145Ia 4500
008 - FIXED-LENGTH DATA ELEMENTS--GENERAL INFORMATION
fixed length control field 180730s9999||||xx |||||||||||||| ||und||
020 ## - INTERNATIONAL STANDARD BOOK NUMBER
International Standard Book Number 9.7818795051e+012
082 ## - DEWEY DECIMAL CLASSIFICATION NUMBER
Classification number 415
Item number ARI/G
100 ## - MAIN ENTRY--PERSONAL NAME
Personal name Arijon, Daniel
245 #0 - TITLE STATEMENT
Title Grammar of the Film Language
250 ## - EDITION STATEMENT
Edition statement 1st Edition
260 ## - PUBLICATION, DISTRIBUTION, ETC.
Place of publication, distribution, etc. Los Angeles
Name of publisher, distributor, etc. Silman/James
Date of publication, distribution, etc. 1976
300 ## - PHYSICAL DESCRIPTION
Extent 624p.
942 ## - ADDED ENTRY ELEMENTS (KOHA)
Institution code [OBSOLETE] BK
Holdings
Withdrawn status Lost status Damaged status Not for loan Collection code Permanent Location Current Location Date acquired Cost, normal purchase price Total Checkouts Full call number Barcode Date last seen Date last checked out Price effective from Koha item type
        School of Animation (Noida) MUIT-NOIDA MUIT-NOIDA 2018-07-30 1536.00 2 415 ARI/G ANM00307 2024-10-03 2024-09-30 2018-07-30 Book

All Rights Reserved@MUIT

Powered by Koha